000 00493nam a22001817a 4500
003 NUST - PNEC
005 20170116180928.0
008 150905b xxu||||| |||| 00| 0 eng d
020 _a0521253217
020 _a0521273102
040 _cLIBRARY
082 _a621.301515353 SIL
100 _98061
_aSilvester, P. P.
245 _aFinite elements for electrical engineers
_cP. P. Silvester
260 _cc.1983
650 _98062
_aElectrical Engineering- Mathematics
_xEE
942 _2ddc
_cBK
999 _c65805
_d65805